000 00246nam a2200097Ia 4500
001 945453
005 20250826215423.0
008 250824s9999 xx 000 0 und d
245 0 _aKÜÇÜK KARA BALIK
_cSAMED BEHRENGİ
260 _bAKVARYUM YAYINLARI
999 _c945453
_d945453